| 000 | 00428nam a2200121 a 4500 | ||
|---|---|---|---|
| 005 | 20140414093834.0 | ||
| 008 | 030611s19uu xx 00 eng d | ||
| 050 |
_aCDR 004 _bCHR 1998 |
||
| 245 |
_aChristian desktop : _b12 inspirational thematics collections of christian screensavers, icons,sounds,daily verses, wallpaper and model. |
||
| 650 |
_aDesktop publishing windows _xcomputer files. |
||
| 942 | _cAVM | ||
| 999 |
_c108911 _d108911 |
||